[Event "TUR-chT2"]
[Site "Konya"]
[Date "2017.07.12"]
[Round "6.4"]
[White "Sabahi, Cem"]
[Black "Surer, Sedat"]
[Result "0-1"]
[WhiteElo "1706"]
[BlackElo "1869"]
[PlyCount "122"]
[EventDate "2017.07.09"]
[EventType "team-swiss"]
[EventRounds "9"]
[EventCountry "TUR"]
[SourceTitle "CBM 179 Extra"]
[Source "ChessBase"]
[SourceDate "2017.08.23"]
[SourceVersion "1"]
[SourceVersionDate "2017.08.23"]
[SourceQuality "1"]
[WhiteTeam "Hamle Adana"]
[BlackTeam "Mezopotamya"]
[WhiteTeamCountry "TUR"]
[BlackTeamCountry "TUR"]

1. e4 c5 2. Nf3 e6 3. d3 Nc6 4. g3 d6 5. Bg2 Nf6 6. 0-0 Be7 7. c3 0-0 8. Re1 Qc7 9. d4 cxd4 10. cxd4 Bd7 11. Nc3 a6 12. h3 Rfd8 13. Be3 b5 14. Nd2 Rac8 15. Rc1 Qb8 16. Qe2 Na5 17. e5 Ne8 18. Nde4 dxe5 19. dxe5 Nc4 20. Bg5 Bxg5 21. Nxg5 h6 22. Nf3 Bc6 23. Rc2 Bxf3 24. Bxf3 Rc5 25. b3 Rxe5 26. Be4 Na3 27. Rd2 f5 28. Rxd8 Qxd8 29. f4 Qd4+ 30. Qe3 Rxe4 31. Nxe4 Qxe3+ 32. Rxe3 fxe4 33. Rxe4 Kf7 34. Kf2 Nd6 35. Re5 Nc2 36. Ke2 Nb4 37. a4 Nd5 38. axb5 axb5 39. Kf3 Kf6 40. Re1 b4 41. g4 Nb5 42. Rd1 g5 43. fxg5+ hxg5 44. Kg3 Nbc3 45. Rf1+ Kg7 46. Re1 Nf4 47. Re3 Kf6 48. Re1 e5 49. Ra1 e4 50. Ra6+ Ke5 51. Ra5+ Ncd5 52. h4 gxh4+ 53. Kxh4 e3 54. Kg3 Ke4 55. g5 Ne7 56. Rb5 Nf5+ 57. Kg4 e2 58. Rxb4+ Nd4 59. Rb8 e1Q 60. Re8+ Nde6 61. g6 Qg1+ 0-1

[Event "TUR-chT2"]
[Site "Konya"]
[Date "2017.07.10"]
[Round "2.13"]
[White "Aydinalp, Suheyl"]
[Black "Surer, Sedat"]
[Result "1/2-1/2"]
[WhiteElo "1779"]
[BlackElo "1869"]
[PlyCount "43"]
[EventDate "2017.07.09"]
[EventType "team-swiss"]
[EventRounds "9"]
[EventCountry "TUR"]
[SourceTitle "CBM 179 Extra"]
[Source "ChessBase"]
[SourceDate "2017.08.23"]
[SourceVersion "1"]
[SourceVersionDate "2017.08.23"]
[SourceQuality "1"]
[WhiteTeam "Cesme Yelken"]
[BlackTeam "Mezopotamya"]
[WhiteTeamCountry "TUR"]
[BlackTeamCountry "TUR"]

1. e4 c5 2. Ne2 e6 3. Nbc3 a6 4. g3 Nc6 5. Bg2 Nf6 6. 0-0 Be7 7. h3 d6 8. d3 Qc7 9. Be3 b5 10. f4 b4 11. Nb1 e5 12. Nd2 a5 13. a3 Rb8 14. axb4 axb4 15. f5 Nd7 16. g4 Qd8 17. Nf3 h6 18. Ng3 Nf6 19. Qd2 Nd4 20. b3 Nxf3+ 21. Bxf3 Bb7 22. Qe2 1/2-1/2

[Event "TUR-chT2"]
[Site "Konya"]
[Date "2017.07.10"]
[Round "3.6"]
[White "Surer, Sedat"]
[Black "Makaraci, Tunahan"]
[Result "0-1"]
[WhiteElo "1869"]
[BlackElo "1845"]
[PlyCount "84"]
[EventDate "2017.07.09"]
[EventType "team-swiss"]
[EventRounds "9"]
[EventCountry "TUR"]
[SourceTitle "CBM 179 Extra"]
[Source "ChessBase"]
[SourceDate "2017.08.23"]
[SourceVersion "1"]
[SourceVersionDate "2017.08.23"]
[SourceQuality "1"]
[WhiteTeam "Mezopotamya"]
[BlackTeam "Marmara Universitesi"]
[WhiteTeamCountry "TUR"]
[BlackTeamCountry "TUR"]

1. e4 Nf6 2. e5 Nd5 3. d4 d6 4. Nf3 Bg4 5. Be2 Nc6 6. 0-0 e6 7. c4 Nb6 8. exd6 cxd6 9. Nc3 d5 10. cxd5 Nxd5 11. Qb3 Qd7 12. Nxd5 exd5 13. Bb5 Bxf3 14. Qxf3 Be7 15. Be3 0-0 16. Rac1 Rfd8 17. a3 Nxd4 18. Bxd4 Qxb5 19. Rc7 Re8 20. h4 Qa4 21. b4 Qa6 22. Re1 Qd6 23. Rxb7 Bf6 24. Rxe8+ Rxe8 25. g3 Re1+ 26. Kg2 Bxd4 27. Qxf7+ Kh8 28. Rd7 Qf6 29. Qxf6 Bxf6 30. Rxd5 Ra1 31. Ra5 Bd4 32. f3 Bb6 33. Ra6 Ra2+ 34. Kh3 h5 35. a4 Kg8 36. f4 Kf7 37. a5 Ke6 38. b5 Rxa5 39. g4 Rxa6 40. bxa6 g6 41. Kg3 Kd5 42. Kf3 Bd8 0-1

[Event "Manavgat Turkey Cup"]
[Site "Manavgat"]
[Date "2015.02.03"]
[Round "5"]
[White "Seyhanoglu, Deniz"]
[Black "Surer, Sedat"]
[Result "1-0"]
[WhiteElo "2026"]
[BlackElo "1875"]
[PlyCount "94"]
[EventDate "2015.01.31"]
[EventType "swiss"]
[EventRounds "11"]
[EventCountry "TUR"]
[SourceTitle "CBM 164 Extra"]
[Source "ChessBase"]
[SourceDate "2015.03.02"]
[SourceVersion "1"]
[SourceVersionDate "2015.03.02"]
[SourceQuality "1"]

1. e4 c5 2. Nf3 d6 3. d4 cxd4 4. Nxd4 Nf6 5. Nc3 a6 6. h3 h5 7. g3 e5 8. Nde2 Be7 9. Bg2 Be6 10. Be3 Nbd7 11. Nd5 Bxd5 12. exd5 Rc8 13. 0-0 Nc5 14. a4 a5 15. Nc3 Nfd7 16. Nb5 Na6 17. Qe2 h4 18. g4 0-0 19. c3 Nc7 20. Na3 Na6 21. Be4 Nf6 22. Bf5 Rb8 23. Rad1 g6 24. Bc2 Rc8 25. Qb5 Qd7 26. g5 Qxh3 27. gxf6 Bxf6 28. Qe2 Nc5 29. f3 e4 30. Qg2 Qxg2+ 31. Kxg2 exf3+ 32. Rxf3 Nd7 33. Nb5 Be7 34. Bf4 Ne5 35. Bxe5 dxe5 36. d6 Bd8 37. d7 Rc5 38. Nd6 Rc7 39. Nxf7 Kg7 40. Nxe5 Rxf3 41. Kxf3 g5 42. Rd6 Rc5 43. Ke4 h3 44. Ng4 Rc4+ 45. Rd4 Rc5 46. Kf3 Kf7 47. Ke4 Kg7 1-0

[Event "Manavgat Turkey Cup"]
[Site "Manavgat"]
[Date "2015.02.03"]
[Round "6"]
[White "Surer, Sedat"]
[Black "Cubukcu, Berkin"]
[Result "1-0"]
[WhiteElo "1875"]
[BlackElo "1661"]
[PlyCount "87"]
[EventDate "2015.01.31"]
[EventType "swiss"]
[EventRounds "11"]
[EventCountry "TUR"]
[SourceTitle "CBM 164 Extra"]
[Source "ChessBase"]
[SourceDate "2015.03.02"]
[SourceVersion "1"]
[SourceVersionDate "2015.03.02"]
[SourceQuality "1"]

1. e4 e5 2. Nf3 Nc6 3. Bb5 a6 4. Ba4 Nf6 5. 0-0 Be7 6. Re1 b5 7. Bb3 d6 8. d3 0-0 9. a4 Na5 10. c3 Nxb3 11. Qxb3 Bd7 12. a5 c5 13. Nbd2 Ne8 14. Nf1 g6 15. Bh6 Ng7 16. Ne3 Be6 17. Qd1 f6 18. d4 Rf7 19. dxc5 dxc5 20. Nd5 Bxd5 21. Qxd5 Qxd5 22. exd5 Nf5 23. Be3 Nxe3 24. Rxe3 Rd8 25. Rd1 c4 26. g4 Bc5 27. Re2 g5 28. Ne1 Rfd7 29. Red2 Bd6 30. Nc2 Kf7 31. Kg2 Rb8 32. Kf3 Rbd8 33. Ke4 Re8 34. Ne3 Rh8 35. h4 h6 36. Rh1 Rg8 37. hxg5 hxg5 38. Nf5 Bc5 39. Nh6+ Kg7 40. Nxg8 Kxg8 41. Kf5 Kg7 42. f3 b4 43. Ke4 bxc3 44. bxc3 1-0

[Event "Kemer Turkey Cup"]
[Site "Kemer"]
[Date "2014.02.01"]
[Round "1"]
[White "Surer, Sedat"]
[Black "Yelken, Mustafa"]
[Result "0-1"]
[WhiteElo "1858"]
[BlackElo "2097"]
[PlyCount "112"]
[EventDate "2014.02.01"]
[EventType "swiss"]
[EventRounds "9"]
[EventCountry "TUR"]
[SourceTitle "CBM 158 Extra"]
[Source "ChessBase"]
[SourceDate "2014.02.28"]
[SourceVersion "1"]
[SourceVersionDate "2014.02.28"]
[SourceQuality "1"]

1. d4 Nf6 2. c4 e6 3. Nf3 Bb4+ 4. Bd2 Qe7 5. a3 Bxd2+ 6. Nbxd2 d6 7. e3 0-0 8. Be2 e5 9. dxe5 dxe5 10. 0-0 c5 11. Nb1 Rd8 12. Qc2 Nc6 13. Nc3 e4 14. Nd2 Bf5 15. Rfd1 h5 16. Nf1 Qe5 17. Rxd8+ Rxd8 18. Rd1 Rxd1 19. Qxd1 h4 20. h3 Be6 21. Qb3 b6 22. Qc2 Bf5 23. Qd2 g6 24. Qd1 Kg7 25. Nh2 Be6 26. Qc2 Na5 27. Nd1 Nb7 28. Nf1 Bd7 29. Qc3 Qxc3 30. Nxc3 Bc6 31. f3 Nd6 32. Nd2 g5 33. Kf2 Kg6 34. Bd1 Kf5 35. Bc2 Ke5 36. b4 cxb4 37. axb4 exf3 38. gxf3 Nd7 39. b5 Ba8 40. Be4 Nxe4+ 41. Ndxe4 f6 42. Ke2 Nf8 43. Nf2 f5 44. Nd3+ Kd6 45. e4 fxe4 46. fxe4 Nd7 47. Ke3 Bb7 48. Ne2 Ne5 49. Nxe5 Kxe5 50. Nc3 Bc8 51. Nd5 Bxh3 52. Ne7 Bd7 53. Kf3 g4+ 54. Ke3 h3 55. Kf2 Kxe4 56. Nc6 Kf4 0-1